000 00470nam a2200181Ia 4500
005 20250508162813.0
008 008 250505s9999 xx 000 0 eng d
037 _aTextual
040 _aFEDL
_beng
_cFEDL
041 _aeng
_2eng
084 _a574, BIS
_qFEDL
100 _aBishop Owen
245 0 _aAdventures with small plants
260 _aLondon, UK
_bJohn Murray
_c1983
300 _a56p.
942 _cTEXL
_h574, BIS
999 _c1378774
_d1378774